[Event "SK Germania Kupferdreh 1 - SV Welper 2"]
[Site "Verbandsklasse - Gruppe 2 202"]
[Date "2022.05.22"]
[Round "9.7"]
[White "Berke, Martin"]
[Black "Wuthcke, Dieter"]
[Result "0-1"]
[WhiteElo "1748"]
[BlackElo "1715"]
[PlyCount "50"]
[EventDate "2022.??.??"]
[WhiteTeam "SV Welper 2"]
[BlackTeam "SK Germania Kupferdreh 1"]

1. e4 c5 2. Nf3 d6 3. d4 cxd4 4. Nxd4 g6 5. Nc3 Bg7 6. Be3 Nc6 7. Qd2 a6 8. f3
Bd7 9. O-O-O h5 10. h4 Nf6 11. Be2 Ne5 12. Kb1 b5 13. Nd5 Nxd5 14. exd5 Rc8 15.
Rdg1 Qc7 16. g4 Nc4 17. Bxc4 Qxc4 18. gxh5 Rxh5 19. Rg5 Rxg5 20. hxg5 Qxd5 21.
Rh7 Bxd4 22. Bxd4 e5 23. Rh8+ Ke7 24. Rxc8 Bxc8 25. Qc3 Qxd4 0-1

[Event "SK Germania Kupferdreh 1 - SV Welper 2"]
[Site "Verbandsklasse - Gruppe 2 202"]
[Date "2022.05.22"]
[Round "9.8"]
[White "Unteregge, Michael"]
[Black "Krummsdorf, Joerg"]
[Result "1-0"]
[WhiteElo "2048"]
[BlackElo "1795"]
[PlyCount "71"]
[EventDate "2022.??.??"]
[WhiteTeam "SK Germania Kupferdreh 1"]
[BlackTeam "SV Welper 2"]

1. Nf3 d5 2. d4 e6 3. c4 c6 4. Qc2 f5 5. Bf4 Bd6 6. Bxd6 Qxd6 7. e3 Nh6 8. Bd3
O-O 9. Nbd2 Nd7 10. O-O Nf6 11. Ne5 Nf7 12. Ndf3 g6 13. c5 Qc7 14. b4 a6 15. a4
Nd7 16. Nxf7 Rxf7 17. b5 Re7 18. bxa6 bxa6 19. Rab1 a5 20. Rb3 Rb8 21. Rfb1
Rxb3 22. Rxb3 Kg7 23. Qc3 Kf6 24. Nd2 e5 25. Rb1 exd4 26. exd4 Nf8 27. Nb3 Ne6
28. g3 f4 29. Nxa5 fxg3 30. hxg3 Ng5 31. Nxc6 Nf3+ 32. Kg2 Qxc6 33. Rb6 Qxb6
34. cxb6 Ne1+ 35. Kh1 Nf3 36. Qxc8 1-0

[Event "SF Brackel 4 - SK Werne 1"]
[Site "Verbandsklasse - Gruppe 3 202"]
[Date "2022.05.22"]
[Round "9.1"]
[White "Schlierkamp, Ferdinand"]
[Black "Krueger, Sven"]
[Result "1-0"]
[WhiteElo "2003"]
[BlackElo "1911"]
[PlyCount "83"]
[EventDate "2022.??.??"]
[WhiteTeam "SK Werne 1"]
[BlackTeam "SF Brackel 4"]

1. e4 e5 2. Nc3 Nf6 3. f4 d5 4. fxe5 Nxe4 5. Qf3 Nxc3 6. dxc3 Be7 7. Bf4 O-O 8.
O-O-O c6 9. Bd3 g6 10. Ne2 Bg5 11. Qg3 Bxf4+ 12. Nxf4 Qe7 13. Nh5 Nd7 14. Rde1
Kh8 15. Qf4 Re8 16. Nf6 Nxf6 17. exf6 Qf8 18. Rxe8 Qxe8 19. Bxg6 Be6 20. Bd3 c5
21. Rf1 Qg8 22. g3 c4 23. Bf5 Re8 24. Kd2 Bxf5 25. Qxf5 Qf8 26. Qg5 h6 27. Qf5
Qc5 28. Qf4 Kh7 29. Qf5+ Kh8 30. Qf2 Qxf2+ 31. Rxf2 Kh7 32. Rf5 Rd8 33. g4 Kg6
34. h4 h5 35. Rxh5 Kxf6 36. Rh6+ Ke5 37. Ke3 Re8 38. Rh5+ Kf6+ 39. Kf3 Rd8 40.
g5+ Kf5 41. Rh6 d4 42. Rf6+ 1-0

[Event "SF Brackel 4 - SK Werne 1"]
[Site "Verbandsklasse - Gruppe 3 202"]
[Date "2022.05.22"]
[Round "9.2"]
[White "Gromov, Alexander"]
[Black "Schnelting, Michael"]
[Result "1-0"]
[WhiteElo "1765"]
[BlackElo "1920"]
[PlyCount "109"]
[EventDate "2022.??.??"]
[WhiteTeam "SF Brackel 4"]
[BlackTeam "SK Werne 1"]

1. e4 d6 2. d4 Nf6 3. Nc3 e5 4. d5 c6 5. f3 Qb6 6. Bc4 Be7 7. Bb3 O-O 8. Qe2
Na6 9. Be3 Qa5 10. O-O-O Nc5 11. Kb1 a6 12. g4 Nxb3 13. cxb3 c5 14. h4 b5 15.
h5 Ne8 16. g5 b4 17. Na4 f5 18. gxf6 Bxf6 19. Nh3 Bd7 20. Qc2 Rc8 21. Rc1 Kh8
22. Nf2 Rb8 23. Qd1 Nc7 24. Ng4 Nb5 25. Nxf6 Rxf6 26. Bg5 Rf7 27. Be3 Rbf8 28.
Rf1 Bg4 29. h6 g6 30. Nxc5 dxc5 31. Bxc5 Bxf3 32. Qd3 Bxe4 33. Qxe4 Nc3+ 34.
bxc3 Qxc5 35. Qxe5+ Kg8 36. Rxf7 Rxf7 37. Qe8+ Rf8 38. Qe6+ Rf7 39. Rf1 Qe7 40.
Rxf7 Qxf7 41. Qc8+ Qf8 42. Qxf8+ Kxf8 43. c4 Ke7 44. Kc2 Kd6 45. Kd3 Kc5 46.
Ke4 Kd6 47. Kf4 a5 48. Ke4 Ke7 49. Ke5 Kd7 50. c5 Kd8 51. Kf6 Kd7 52. d6 Kd8
53. c6 Ke8 54. d7+ Kd8 55. Ke6 1-0

[Event "SF Brackel 4 - SK Werne 1"]
[Site "Verbandsklasse - Gruppe 3 202"]
[Date "2022.05.22"]
[Round "9.3"]
[White "Meya, Carsten"]
[Black "Vorobyov, Boris"]
[Result "0-1"]
[WhiteElo "1831"]
[BlackElo "1748"]
[Annotator "daniel"]
[PlyCount "120"]
[EventDate "2022.??.??"]
[WhiteTeam "SK Werne 1"]
[BlackTeam "SF Brackel 4"]

1. e4 e5 2. Bc4 Bc5 3. Nf3 Nc6 4. c3 Nf6 5. b4 Be7 6. Qc2 O-O 7. O-O a6 8. Re1
d6 9. d3 b5 10. Bb3 a5 11. bxa5 Nxa5 12. Bb2 c5 13. Nbd2 Bg4 14. h3 Bh5 15. g4
Bg6 16. Nh4 Nxb3 17. axb3 Nd7 18. Nf5 Bxf5 19. exf5 g6 20. d4 Bf6 21. d5 Bg7
22. c4 b4 23. Nf3 Qf6 24. g5 Qxf5 25. Qxf5 gxf5 26. Nh4 Rfe8 27. Nxf5 Bf8 28.
Kg2 f6 29. gxf6 Kf7 30. Ng3 Nxf6 31. f3 Kg6 32. Ne4 Nxe4 33. fxe4 Bh6 34. Rxa8
Rxa8 35. Ra1 Rxa1 36. Bxa1 Bc1 37. h4 Kh5 38. Kh3 Bf4 39. Bb2 Kg6 40. Kg4 Bd2
41. Kh3 $11 Be3 42. Kg4 Bd2 43. Kh3 Kh5 44. Bxe5 dxe5 45. d6 Be1 46. d7 Bxh4
47. Kg2 Kg4 48. Kh2 Kf4 49. Kh3 Bd8 50. Kg2 Kxe4 51. Kg3 Kd3 52. Kf2 e4 53. Kg3
e3 54. Kf4 e2 55. Ke5 e1=Q+ 56. Kd5 Qe7 57. Kc6 Qe6+ 58. Kxc5 Kc3 59. Kb5 Qb6+
60. Ka4 Qa5# 0-1

[Event "SF Brackel 4 - SK Werne 1"]
[Site "Verbandsklasse - Gruppe 3 202"]
[Date "2022.05.22"]
[Round "9.4"]
[White "Moerchel, Lou Malte"]
[Black "Gaeßner, Marcus"]
[Result "0-1"]
[WhiteElo "1720"]
[BlackElo "1821"]
[PlyCount "64"]
[EventDate "2022.??.??"]
[WhiteTeam "SF Brackel 4"]
[BlackTeam "SK Werne 1"]

1. e4 e6 2. d4 d5 3. exd5 exd5 4. Bd3 Nf6 5. Bf4 Bd6 6. Bg3 O-O 7. Nd2 Re8+ 8.
Ne2 Bg4 9. f3 Bh5 10. c3 c6 11. Qc2 Bg6 12. Bxg6 hxg6 13. Nb3 Nh5 14. Bxd6 Qxd6
15. O-O-O Nd7 16. Rde1 Re6 17. Qd2 Rae8 18. Kd1 Nb6 19. Nc5 Nc4 20. Qc1 R6e7
21. g4 Ne3+ 22. Kd2 Nf4 23. Ng3 b6 24. Nd3 Nc4+ 25. Kc2 Nxd3 26. Kxd3 Nxb2+ 27.
Kc2 Nc4 28. Rxe7 Qxe7 29. Kb3 a5 30. a4 Kf8 31. h4 Qe3 32. Qd1 Qf2 0-1

[Event "SF Brackel 4 - SK Werne 1"]
[Site "Verbandsklasse - Gruppe 3 202"]
[Date "2022.05.22"]
[Round "9.5"]
[White "Hoerstrup, Robert"]
[Black "Schroelkamp, Carsten"]
[Result "1/2-1/2"]
[WhiteElo "1713"]
[BlackElo "1632"]
[PlyCount "68"]
[EventDate "2022.??.??"]
[WhiteTeam "SK Werne 1"]
[BlackTeam "SF Brackel 4"]

1. e4 c6 2. d4 d5 3. Nc3 Bg4 4. Qxg4 Nf6 5. Qd1 dxe4 6. Bg5 Nbd7 7. Bc4 Qa5 8.
Bxf6 Nxf6 9. Nge2 Rd8 10. Qc1 e5 11. dxe5 Qxe5 12. Qe3 Bc5 13. Qf4 Qxf4 14.
Nxf4 e3 15. fxe3 Bxe3 16. Nd3 O-O 17. Nd1 Bb6 18. a4 Ba5+ 19. b4 Rfe8+ 20. Kf1
Bb6 21. a5 Bd4 22. c3 Ne4 23. Bxf7+ Kxf7 24. cxd4 Rxd4 25. N1b2 Nd2+ 26. Kg1
Re2 27. h3 Rd6 28. Kh2 Rg6 29. Raf1+ Nxf1+ 30. Rxf1+ Ke7 31. Rg1 Rd2 32. Re1+
Kd8 33. Nf4 Rxb2 34. Nxg6 hxg6 1/2-1/2

[Event "SF Brackel 4 - SK Werne 1"]
[Site "Verbandsklasse - Gruppe 3 202"]
[Date "2022.05.22"]
[Round "9.6"]
[White "Schmitz, Julian"]
[Black "Schotte, Ralf"]
[Result "1-0"]
[WhiteElo "1626"]
[BlackElo "1707"]
[PlyCount "50"]
[EventDate "2022.??.??"]
[WhiteTeam "SF Brackel 4"]
[BlackTeam "SK Werne 1"]

1. e4 c5 2. d4 cxd4 3. c3 d3 4. Nf3 d6 5. Bxd3 Nc6 6. O-O Bg4 7. Be3 g6 8. h3
Bxf3 9. Qxf3 Ne5 10. Bb5+ Nd7 11. e5 a6 12. Bc4 Nxe5 13. Qxb7 Qb8 14. Qxb8+
Rxb8 15. Bb3 Nf6 16. Nd2 Bg7 17. Bd4 Ned7 18. Rfe1 e5 19. f4 O-O 20. fxe5 dxe5
21. Bxe5 Nxe5 22. Rxe5 Nh5 23. Re7 Bh6 24. Nf3 Rb6 25. Ne5 Rf6 1-0

[Event "SF Brackel 4 - SK Werne 1"]
[Site "Verbandsklasse - Gruppe 3 202"]
[Date "2022.05.22"]
[Round "9.8"]
[White "Stoll, Daniel"]
[Black "Hoeselbarth, Thomas"]
[Result "1/2-1/2"]
[WhiteElo "929"]
[BlackElo "1571"]
[PlyCount "67"]
[EventDate "2022.??.??"]
[WhiteTeam "SF Brackel 4"]
[BlackTeam "SK Werne 1"]

1. e4 e5 2. Nf3 Nc6 3. Bc4 Bc5 4. Nc3 Nf6 5. d3 d6 6. Bg5 h6 7. Bxf6 Qxf6 8.
Nd5 Qd8 9. O-O Bg4 10. h3 Bh5 11. c3 O-O 12. Rb1 a6 13. b4 Ba7 14. a4 Ne7 15.
Nxe7+ Qxe7 16. d4 exd4 17. cxd4 Qxe4 18. Re1 Qc6 19. Rc1 Qd7 20. Qd3 Qxa4 21.
b5 Bg6 22. Qxg6 axb5 23. Bxf7+ Rxf7 24. Qe6 Bb6 25. g4 Raf8 26. g5 Kh8 27. Nh4
Qxd4 28. Ng6+ Kg8 29. Ne7+ Kh8 30. Ng6+ Kg8 31. Nxf8 Qxf2+ 32. Kh1 Qf3+ 33. Kh2
Qf2+ 34. Kh1 1/2-1/2

[Event "SV Sterkrade-Nord 2 - Bochumer SV 3"]
[Site "Verbandsklasse - Gruppe 3 202"]
[Date "2022.05.22"]
[Round "9.1"]
[White "Birkemeyer, Jan"]
[Black "Altenburg, Frank"]
[Result "1-0"]
[WhiteElo "1703"]
[BlackElo "1853"]
[Annotator "daniel"]
[PlyCount "97"]
[EventDate "2022.??.??"]
[WhiteTeam "Bochumer SV 3"]
[BlackTeam "SV Sterkrade-Nord 2"]

1. d4 d5 2. c4 e6 3. g3 Nf6 4. Bg2 c6 5. Nf3 Be7 6. O-O O-O 7. Nc3 Nbd7 8. Qd3
b6 9. e4 dxe4 10. Nxe4 Nxe4 11. Qxe4 Bb7 12. Rd1 Nf6 13. Qc2 Qc7 14. Bf4 Bd6
15. Bxd6 Qxd6 16. c5 bxc5 17. dxc5 Qc7 18. Rd6 Rfd8 19. Rad1 Nd5 20. Ng5 g6 21.
Ne4 Rxd6 22. Nxd6 a5 23. Qd2 Ba6 24. Ne4 a4 25. Qh6 Qe5 26. Ng5 Qg7 27. Qh4 Bb5
28. Bxd5 cxd5 29. Qb4 Bc4 $11 30. Qb7 Qf8 31. Nxf7 Rb8 32. Nh6+ Kh8 33. Qc7 Re8
34. Qe5+ Qg7 35. Nf7+ Kg8 36. Qxg7+ Kxg7 37. Nd6 Rb8 38. Nxc4 dxc4 39. Rd7+ Kf6
40. Rd4 Rxb2 41. Rxc4 a3 42. c6 Rb8 43. c7 Rc8 44. f4 Ke7 45. Kf2 Kd6 46. Ke3
e5 47. fxe5+ Kxe5 48. Kd3 Kd6 49. Kc3 1-0

[Event "SV Sterkrade-Nord 2 - Bochumer SV 3"]
[Site "Verbandsklasse - Gruppe 3 202"]
[Date "2022.05.22"]
[Round "9.2"]
[White "Matthies, Jochen"]
[Black "Hofer, Stefan"]
[Result "1/2-1/2"]
[WhiteElo "1747"]
[BlackElo "1820"]
[PlyCount "64"]
[EventDate "2022.??.??"]
[WhiteTeam "SV Sterkrade-Nord 2"]
[BlackTeam "Bochumer SV 3"]

1. d4 Nf6 2. Nf3 g6 3. g3 Bg7 4. Bg2 O-O 5. O-O d5 6. c3 c6 7. Bg5 Ne4 8. Nbd2
Nxg5 9. Nxg5 e5 10. Ngf3 e4 11. Ne1 f5 12. e3 g5 13. Nc2 f4 14. exf4 gxf4 15.
gxf4 Rxf4 16. Ne3 Rh4 17. f3 Qd6 18. Qe1 Qxh2+ 19. Kf2 Qf4 20. Rh1 Rxh1 21.
Qxh1 Bh6 22. Re1 Bg5 23. Re2 Nd7 24. Ke1 Nf6 25. Kd1 Bd7 26. fxe4 Ng4 27. Nxg4
Bxg4 28. Bf3 Bxf3 29. Qxf3 dxe4 30. Qxe4 Qxe4 31. Nxe4 Be7 32. Rg2+ Kf7 1/2-1/2

[Event "SV Sterkrade-Nord 2 - Bochumer SV 3"]
[Site "Verbandsklasse - Gruppe 3 202"]
[Date "2022.05.22"]
[Round "9.3"]
[White "Abdullayev, Elchin"]
[Black "Schocke, Mark"]
[Result "1-0"]
[WhiteElo "1873"]
[BlackElo "1730"]
[PlyCount "55"]
[EventDate "2022.??.??"]
[WhiteTeam "Bochumer SV 3"]
[BlackTeam "SV Sterkrade-Nord 2"]

1. d4 d5 2. c4 e6 3. Nf3 Nf6 4. Bg5 h6 5. Bh4 dxc4 6. Qa4+ Bd7 7. Qxc4 b5 8.
Bxf6 gxf6 9. Qc2 Na6 10. a3 c5 11. e3 Rc8 12. Qd2 cxd4 13. Nxd4 Nc7 14. Nc3 a6
15. b4 Rg8 16. Rc1 Na8 17. f3 Nb6 18. Nb3 Nc4 19. Bxc4 Rxc4 20. Na5 Rc7 21. O-O
f5 22. Rfd1 Bg7 23. Ne2 Bf6 24. Qd6 Rxc1 25. Nxc1 Qc8 26. Ncb3 Be7 27. Qd4 Bc6
28. Rc1 1-0

[Event "SV Sterkrade-Nord 2 - Bochumer SV 3"]
[Site "Verbandsklasse - Gruppe 3 202"]
[Date "2022.05.22"]
[Round "9.4"]
[White "Nowak, Steven"]
[Black "Fraenkel, Karlheinz"]
[Result "1-0"]
[WhiteElo "1906"]
[BlackElo "1831"]
[PlyCount "55"]
[EventDate "2022.??.??"]
[WhiteTeam "SV Sterkrade-Nord 2"]
[BlackTeam "Bochumer SV 3"]

1. Nf3 d5 2. g3 Nf6 3. Bg2 e6 4. O-O Be7 5. d3 O-O 6. Nbd2 c5 7. e4 Nc6 8. h4
Qc7 9. Nh2 dxe4 10. dxe4 e5 11. c3 Be6 12. f4 exf4 13. gxf4 Rad8 14. Qe2 Bc8
15. e5 Nd5 16. Be4 f5 17. Bc2 Kh8 18. Ndf3 h6 19. Kh1 Be6 20. Bd2 a6 21. Rg1
Rde8 22. Rg3 Rg8 23. Rag1 b5 24. Ng5 Qd7 25. Nxe6 Qxe6 26. Qh5 Ref8 27. Rg6 Qf7
28. e6 1-0

[Event "SV Sterkrade-Nord 2 - Bochumer SV 3"]
[Site "Verbandsklasse - Gruppe 3 202"]
[Date "2022.05.22"]
[Round "9.5"]
[White "Candogan, Yavus"]
[Black "Schwenke, Markus"]
[Result "1/2-1/2"]
[WhiteElo "1752"]
[BlackElo "1902"]
[PlyCount "45"]
[EventDate "2022.??.??"]
[WhiteTeam "Bochumer SV 3"]
[BlackTeam "SV Sterkrade-Nord 2"]

1. d4 c6 2. e4 d5 3. Nc3 dxe4 4. Nxe4 Bf5 5. Ng3 Bg6 6. Nf3 e6 7. Ne5 Nf6 8.
Nxg6 hxg6 9. c3 Bd6 10. Qf3 Qc7 11. h3 Nbd7 12. Bd3 O-O 13. O-O Rfe8 14. h4 e5
15. Be3 exd4 16. cxd4 Nb6 17. Ne4 Nbd5 18. Nxf6+ Nxf6 19. Bg5 Bf8 20. Bxf6 gxf6
21. h5 gxh5 22. Qxh5 Bg7 23. Rae1 1/2-1/2

[Event "SV Sterkrade-Nord 2 - Bochumer SV 3"]
[Site "Verbandsklasse - Gruppe 3 202"]
[Date "2022.05.22"]
[Round "9.6"]
[White "Hibbeln, Christian"]
[Black "Hartenberg, Yannick"]
[Result "1-0"]
[WhiteElo "1818"]
[BlackElo "1671"]
[PlyCount "47"]
[EventDate "2022.??.??"]
[WhiteTeam "SV Sterkrade-Nord 2"]
[BlackTeam "Bochumer SV 3"]

1. d4 d5 2. Bg5 Nf6 3. Nc3 Bf5 4. f3 Nbd7 5. g3 h6 6. Be3 e6 7. Bf2 Be7 8. Bg2
c6 9. e4 dxe4 10. fxe4 Bg6 11. Nge2 Qa5 12. O-O Ng4 13. Nf4 Nxf2 14. Rxf2 Bh7
15. e5 O-O-O 16. Qf3 g5 17. Nd3 Bg6 18. b4 Bxb4 19. Nxb4 Qxb4 20. Rb1 Qxd4 21.
Nb5 Qxe5 22. Nxa7+ Kc7 23. Rxb7+ Kd6 24. Rd2+ 1-0

[Event "SV Sterkrade-Nord 2 - Bochumer SV 3"]
[Site "Verbandsklasse - Gruppe 3 202"]
[Date "2022.05.22"]
[Round "9.8"]
[White "De Boer, Bas"]
[Black "Sanftenschneider, Hans-Werner"]
[Result "1-0"]
[WhiteElo "2186"]
[BlackElo "1711"]
[PlyCount "35"]
[EventDate "2022.??.??"]
[WhiteTeam "SV Sterkrade-Nord 2"]
[BlackTeam "Bochumer SV 3"]

1. d4 d5 2. c4 Nf6 3. cxd5 Qxd5 4. Nc3 Qa5 5. Nf3 Bg4 6. Ne5 Bf5 7. Qb3 Qb6 8.
Qxf7+ Kd8 9. Qc4 Be6 10. d5 Bg8 11. e4 Nfd7 12. Nd3 e5 13. Be3 Qf6 14. Be2 Nb6
15. Qb3 Nc6 16. Qd1 Na5 17. b3 Bd6 18. Qd2 1-0

[Event "SV Eichlinghofen 1 - SF Essen-Werden 2"]
[Site "Verbandsklasse - Gruppe 3 202"]
[Date "2022.05.22"]
[Round "9.1"]
[White "Gockel, Mirco"]
[Black "Schuette, Tobias"]
[Result "1-0"]
[WhiteElo "1931"]
[BlackElo "2021"]
[Annotator "daniel"]
[PlyCount "63"]
[EventDate "2022.??.??"]
[WhiteTeam "SF Essen-Werden 2"]
[BlackTeam "SV Eichlinghofen 1"]

1. c4 f5 2. g3 Nf6 3. Bg2 g6 4. Nc3 Bg7 5. e3 e5 6. d3 O-O 7. Nge2 Nc6 8. O-O
d6 9. f4 Re8 10. h3 Be6 11. b4 e4 12. Rb1 Qd7 13. b5 Nd8 14. Nd4 Bf7 15. Qc2
exd3 16. Qxd3 Ne4 17. Nxe4 fxe4 18. Qc2 c6 19. bxc6 Nxc6 20. Qa4 Rad8 21. Nb3
Be6 22. Kh2 Qf7 23. c5 Bc4 24. Rd1 d5 25. Na5 Nxa5 26. Qxa5 Bd3 27. Rxd3 exd3
28. Bd2 a6 29. Rb3 Rd7 30. Qa4 Red8 31. Rxd3 Qf5 32. Rb3 {Rest nicht
nachvollziehbar.} 1-0

[Event "SV Eichlinghofen 1 - SF Essen-Werden 2"]
[Site "Verbandsklasse - Gruppe 3 202"]
[Date "2022.05.22"]
[Round "9.2"]
[White "Bollwerk, Marcus"]
[Black "Bury, Tobias"]
[Result "1/2-1/2"]
[WhiteElo "2076"]
[BlackElo "1884"]
[PlyCount "33"]
[EventDate "2022.??.??"]
[WhiteTeam "SV Eichlinghofen 1"]
[BlackTeam "SF Essen-Werden 2"]

1. g3 Nf6 2. Bg2 g6 3. d3 Bg7 4. Nf3 O-O 5. O-O d6 6. c4 c5 7. Nc3 Nc6 8. Bd2
Rb8 9. a3 a6 10. Rb1 b5 11. cxb5 axb5 12. b4 cxb4 13. axb4 Bd7 14. Qc1 Qc8 15.
Re1 Re8 16. d4 d5 17. Bf4 1/2-1/2

[Event "SV Eichlinghofen 1 - SF Essen-Werden 2"]
[Site "Verbandsklasse - Gruppe 3 202"]
[Date "2022.05.22"]
[Round "9.3"]
[White "Blank, Stephan"]
[Black "Brockmann, Michael"]
[Result "0-1"]
[WhiteElo "1825"]
[BlackElo "2050"]
[Annotator "daniel"]
[PlyCount "78"]
[EventDate "2022.??.??"]
[WhiteTeam "SF Essen-Werden 2"]
[BlackTeam "SV Eichlinghofen 1"]

1. e4 d5 2. exd5 Qxd5 3. Nc3 Qd6 4. d4 Nf6 5. Be2 c6 6. Nf3 Bg4 7. O-O e6 8. a3
Be7 9. h3 Bh5 10. Ne5 Bxe2 11. Nxe2 Nbd7 12. Bf4 Nxe5 13. Bxe5 $11 Qd7 14. c3
O-O 15. Ng3 Rad8 16. Bxf6 Bxf6 17. Nh5 Be7 18. Qg4 g6 19. Rad1 Qd5 20. Nf4 Qb5
21. Qe2 Qxe2 22. Nxe2 Rd7 23. Rd3 Rfd8 24. Rfd1 c5 25. Kf1 Bf6 26. Ke1 e5 27.
d5 c4 28. R3d2 Bg5 29. Rc2 Rxd5 30. Rxd5 Rxd5 31. Ng3 f5 32. Ke2 Kf7 33. f3 h5
34. Nh1 b5 35. Nf2 a5 36. g3 a4 37. h4 Bh6 38. Nh3 Rd3 39. Ng1 e4 0-1

[Event "SV Eichlinghofen 1 - SF Essen-Werden 2"]
[Site "Verbandsklasse - Gruppe 3 202"]
[Date "2022.05.22"]
[Round "9.4"]
[White "Dreier, Daniel"]
[Black "Brixius, Dirk"]
[Result "0-1"]
[WhiteElo "1845"]
[BlackElo "1810"]
[PlyCount "148"]
[EventDate "2022.??.??"]
[WhiteTeam "SV Eichlinghofen 1"]
[BlackTeam "SF Essen-Werden 2"]

1. e4 d5 2. e5 e6 3. f4 Nh6 4. Nf3 c5 5. Nc3 a6 6. a4 Nc6 7. Be2 Be7 8. O-O O-O
9. Qe1 Nb4 10. Bd1 b6 11. Ne2 d4 12. d3 Bb7 13. Ng3 Nd5 14. c3 Rc8 15. Kh1 Re8
16. Bd2 dxc3 17. bxc3 Bh4 18. Nxh4 Qxh4 19. Ne4 Qxe1 20. Rxe1 Red8 21. Nd6 Rc7
22. Nxb7 Rxb7 23. Bf3 Rbd7 24. Rab1 Nc7 25. Be4 b5 26. axb5 axb5 27. h3 g6 28.
g4 Kg7 29. Rec1 Rxd3 30. Bxd3 Rxd3 31. Rc2 Rxh3+ 32. Kg2 Rd3 33. g5 Nf5 34. Kf2
Ng3 35. Be1 c4 36. Kg2 Ne4 37. Rcc1 Nd5 38. Rxb5 Nxf4+ 39. Kf1 Rf3+ 40. Kg1
Ne2+ 41. Kg2 Rf5 42. Rc2 Nf4+ 43. Kf3 Nxg5+ 44. Ke3 Nd3 45. Bh4 h6 46. Bxg5
Rxg5 47. Kd4 Rg4+ 48. Ke3 h5 49. Rh2 Rf4 50. Rd2 g5 51. Rg2 Kg6 52. Rb8 Rg4 53.
Rxg4 hxg4 54. Ke4 g3 55. Kf3 Nxe5+ 56. Kxg3 Kf5 57. Rd8 f6 58. Rd4 Kg6 59. Rd6
Kf7 60. Ra6 f5 61. Ra4 f4+ 62. Kf2 Kf6 63. Ra8 Kf5 64. Rf8+ Ke4 65. Re8 Nd3+
66. Kf1 e5 67. Rg8 Kf5 68. Rc8 Nb2 69. Rb8 Nd1 70. Rc8 Nxc3 71. Rxc4 Nd5 72.
Kf2 g4 73. Ra4 e4 74. Ra5 Ke5 0-1

[Event "SV Eichlinghofen 1 - SF Essen-Werden 2"]
[Site "Verbandsklasse - Gruppe 3 202"]
[Date "2022.05.22"]
[Round "9.5"]
[White "Biermann, Klaus"]
[Black "Wloka, Sebastian"]
[Result "1/2-1/2"]
[WhiteElo "1807"]
[BlackElo "1866"]
[PlyCount "125"]
[EventDate "2022.??.??"]
[WhiteTeam "SF Essen-Werden 2"]
[BlackTeam "SV Eichlinghofen 1"]

1. c4 e6 2. Nc3 d5 3. d4 c6 4. e3 Nf6 5. Nf3 Nbd7 6. cxd5 exd5 7. Bd3 Bd6 8.
O-O O-O 9. a3 Re8 10. Qc2 Qe7 11. b4 Ne4 12. Bb2 a6 13. Na4 Rb8 14. Nc5 Nf8 15.
h3 Ng5 16. Nxg5 Qxg5 17. f4 Qh4 18. Qf2 Qxf2+ 19. Kxf2 Ne6 20. Rae1 Nc7 21. Kf3
b6 22. Na4 Bd7 23. Rc1 a5 24. Bc3 axb4 25. Bxb4 Bxb4 26. axb4 c5 27. Ra1 cxd4
28. exd4 Ne6 29. Nc3 Nxd4+ 30. Kf2 Be6 31. g4 g6 32. f5 gxf5 33. gxf5 Nxf5 34.
Bxf5 Bxf5 35. Nxd5 Re5 36. Nf4 Rbe8 37. Rad1 Kf8 38. Rd6 b5 39. Rfd1 Re4 40.
R6d4 Rxd4 41. Rxd4 Re4 42. Rxe4 Bxe4 43. Ke3 Bc6 44. Kd4 Ke7 45. Kc5 Kd7 46.
Nh5 Kc7 47. Nf6 h6 48. Ng4 h5 49. Nf6 h4 50. Ng4 Bd7 51. Nf2 Kd8 52. Kd6 Ke8
53. Ke5 Ke7 54. Kf4 f6 55. Ng4 Kf7 56. Nf2 Kg6 57. Ng4 Bc8 58. Nf2 Kh5 59. Ne4
Bxh3 60. Nxf6+ Kg6 61. Ne4 Bf5 62. Nc3 Bd7 63. Nxb5 1/2-1/2

[Event "SV Eichlinghofen 1 - SF Essen-Werden 2"]
[Site "Verbandsklasse - Gruppe 3 202"]
[Date "2022.05.22"]
[Round "9.6"]
[White "Richter, Jan"]
[Black "Barthelmes, Stefan"]
[Result "1/2-1/2"]
[WhiteElo "1852"]
[BlackElo "1733"]
[PlyCount "37"]
[EventDate "2022.??.??"]
[WhiteTeam "SV Eichlinghofen 1"]
[BlackTeam "SF Essen-Werden 2"]

1. c4 Nf6 2. Nf3 g6 3. g3 Bg7 4. Bg2 O-O 5. O-O c6 6. d3 d5 7. Nbd2 Nbd7 8. Qc2
e5 9. e3 a5 10. b3 e4 11. Nd4 exd3 12. Qxd3 Ne4 13. Rb1 Ne5 14. Qc2 Nxd2 15.
Qxd2 c5 16. Ba3 cxd4 17. Bxf8 dxe3 18. Qxe3 d4 19. Bxg7 1/2-1/2

[Event "SV Eichlinghofen 1 - SF Essen-Werden 2"]
[Site "Verbandsklasse - Gruppe 3 202"]
[Date "2022.05.22"]
[Round "9.7"]
[White "Kowalzick, Uwe"]
[Black "Dekhtyaryuk, Dimitri"]
[Result "0-1"]
[WhiteElo "1667"]
[BlackElo "1813"]
[PlyCount "108"]
[EventDate "2022.??.??"]
[WhiteTeam "SF Essen-Werden 2"]
[BlackTeam "SV Eichlinghofen 1"]

1. d4 Nf6 2. Nf3 c5 3. d5 d6 4. c4 b5 5. Nc3 b4 6. Nb1 g6 7. Qd3 Bf5 8. Qb3 Bg7
9. Bg5 O-O 10. Nbd2 Nbd7 11. h3 Nb6 12. Bxf6 Bxf6 13. e4 Bd7 14. Rb1 Ba4 15.
Qe3 Bd7 16. g4 Na4 17. e5 dxe5 18. Nxe5 Qc7 19. f4 Bh4+ 20. Kd1 Bf6 21. Bg2
Rad8 22. Kc1 Rfe8 23. Ndf3 e6 24. Nxd7 Rxd7 25. f5 Qg3 26. Qe2 Rdd8 27. fxe6
fxe6 28. Nd2 Kh8 29. Re1 exd5 30. Qxe8+ Rxe8 31. Rxe8+ Kg7 32. Bxd5 Bg5 33. Kc2
Qf2 34. Rd1 Nxb2 35. Rg8+ Kh6 36. Kxb2 Bxd2 37. Kb3 Qe2 38. Rh1 Qd3+ 39. Ka4 a6
40. Ka5 b3+ 41. Kxa6 bxa2 42. Ra8 Qb1 43. Rxb1 axb1=Q 44. Ra7 Qb8 45. Rb7 Qd6+
46. Kb5 Qf8 47. h4 Qe8+ 48. Kxc5 Qc8+ 49. Kd6 Bf4+ 50. Ke7 Qxg4 51. c5 Qxh4+
52. Kf7 Qg5 53. Rd7 Qf5+ 54. Kg8 Qxd7 0-1

[Event "SV Eichlinghofen 1 - SF Essen-Werden 2"]
[Site "Verbandsklasse - Gruppe 3 202"]
[Date "2022.05.22"]
[Round "9.8"]
[White "Grewe, Markus"]
[Black "Jacob, Harald"]
[Result "1-0"]
[WhiteElo "1804"]
[BlackElo "1522"]
[PlyCount "22"]
[EventDate "2022.??.??"]
[WhiteTeam "SV Eichlinghofen 1"]
[BlackTeam "SF Essen-Werden 2"]

1. e4 b6 2. d4 Bb7 3. Nc3 Nf6 4. e5 Nd5 5. Nxd5 Bxd5 6. c4 Bb7 7. Bg5 d6 8. f4
g6 9. Nf3 Bg7 10. Bd3 dxe5 11. fxe5 Nc6 1-0

[Event "Hervest-Dorstener SK 1 - SV Wattenschei"]
[Site "Verbandsklasse - Gruppe 3 202"]
[Date "2022.05.22"]
[Round "9.2"]
[White "Nowok, Frank"]
[Black "Meyer, Juergen"]
[Result "1-0"]
[WhiteElo "1895"]
[BlackElo "1857"]
[PlyCount "49"]
[EventDate "2022.??.??"]
[WhiteTeam "Hervest-Dorstener SK 1"]
[BlackTeam "SV Wattenscheid 3"]

1. c4 Nf6 2. g3 g6 3. Bg2 Bg7 4. Nc3 d6 5. d3 O-O 6. e4 c6 7. Nge2 e5 8. O-O a5
9. h3 Be6 10. Kh2 Nfd7 11. Be3 Na6 12. Qd2 Nac5 13. b3 f5 14. f4 Qc7 15. Rad1
Rad8 16. d4 Nxe4 17. Nxe4 fxe4 18. Bxe4 Nf6 19. Bg2 exf4 20. Nxf4 Bf5 21. d5
Rfe8 22. Rc1 c5 23. Rce1 Ne4 24. Qc1 Ng5 25. Nh5 1-0

[Event "Hervest-Dorstener SK 1 - SV Wattenschei"]
[Site "Verbandsklasse - Gruppe 3 202"]
[Date "2022.05.22"]
[Round "9.3"]
[White "Wolf, Ulrich"]
[Black "Hermanowski, Mark"]
[Result "0-1"]
[WhiteElo "1998"]
[BlackElo "1878"]
[PlyCount "54"]
[EventDate "2022.??.??"]
[WhiteTeam "SV Wattenscheid 3"]
[BlackTeam "Hervest-Dorstener SK 1"]

1. g3 e6 2. Bg2 Nc6 3. Nf3 b6 4. O-O Bb7 5. c4 h5 6. d4 h4 7. gxh4 Nh6 8. Bg5
f6 9. Bxh6 Rxh6 10. d5 exd5 11. cxd5 Ne5 12. Nxe5 fxe5 13. Qd3 Qxh4 14. Qg3 Qf6
15. Nc3 O-O-O 16. Rac1 Kb8 17. Ne4 Qe7 18. Rfd1 d6 19. Rd3 Qe8 20. Rdc3 Rd7 21.
Ng5 Be7 22. h4 Bd8 23. Bh3 Re7 24. Be6 Qh5 25. Qf3 Qxh4 26. Ne4 Rexe6 27. dxe6
Bxe4 0-1